000 00596nas a2200217 4500
001 BR9705320
003 BR-BrBNA
005 20231205100626.0
007 ta
008 230509b bl.|||p| |||| 00| 00por d
040 _aBR-BrBNA
_bpor
_cBiblioteca Nacional de Agricultura
041 _a(Pt)
072 _aE80
100 1 _aSilva, G.
245 1 _aFeijao; o broto cobicado
650 _aFeijao Mungo
650 _aCulinaria
773 0 _tGlobo Rural (Brazil)
_xISSN 0102-6178
_g(Nov 1997), v. 13(145) p. 51-54
_wBR9705320
909 _a202311
_bLúcia
_c55
_dLúcia Elande
942 _2AGRIS
_n0
_cANA
999 _c157079
_d157079